000 004570000a22001690004500
041 0 _aENG
082 0 4 _aG 569.49 G5676r
100 1 _aGlueck, Nelson (1900- )
245 1 0 _aRivers in the desert : A history of the Negev / Nelson Glueck
260 _aNew York, N.Y., USA : Grove
300 _aXV, 303 Pag
001 10313
942 _cBK
999 _c39894
_d39894
336 _atexto
_btxt
_2rdacontent
337 _2rdamedia
_asin mediación
_bn
338 _2rdacarrier
_avolumen
_bnc